Quizzes
Events
Quiz Creation
Community
Videos
Private Events
Remove Ads
Sign In
Join for FREE
Feedback
Dark Mode
Quiz Categories
Sports
Geography
Music
Movies
Television
Just For Fun
Miscellaneous
History
Literature
Language
Science
Gaming
Entertainment
Religion
Holiday
For Kids
Quiz Lab
Recent
Popular Today
Quiz Kudos Today
Editor Picks
Curator Picks
Quizzes by...
Day
Popularity
Type
Ratings
Length
Year
Community
Subscriptions
Recent Discussions
Orange Saloon
Badges
Playlists
Quests
Create
Leaderboards
Showdown
Live 5
Trivia Bingo
Activity
Puzzle Library
Sporcle Events
Private Events
Virtual Trivia
Globe League
Become a Host
Pub Owners
SporcleCon
Opinionation
Our Games
Videos
Blog
Mobile Apps
Partnerships
Remove Ads and Go Orange
Feedback
Sports
Athletes
MLB
NBA
NHL
NFL
Soccer
Sports Teams
WWE
NCAA
Football
Premier League
Basketball
Baseball
Hockey
Golf
Tennis
Cricket
Rugby
Auto Racing
Olympics
World Cup
Sports
Athletes
MLB
NBA
NHL
NFL
Soccer
Sports Teams
WWE
NCAA
Football
Premier League
Basketball
Baseball
Hockey
Golf
Tennis
Cricket
Rugby
Auto Racing
Olympics
World Cup
Random Quiz
Search Sporcle
×
Quiz Lab
Quiz Lab
Sports
World
Type in answers that appear in a list
Type in answers that appear in a list
Classic
Best Score? Go Orange.
Chicago Cubs Managers Stats
Can you name the Chicago Cubs Managers since World War II?
By
coachhahn
7m
33 Questions
238 Plays
238 Plays
238 Plays
Comments
Comments
Give Quiz Kudos
Give Quiz Kudos
-
- Ratings
hide this ad
Replay
Link that replays current quiz
Next Quiz
Link to next quiz in quiz playlist
You Got
0%
They Got
Avg Score
35%
Avg Friend Score
Upgrade to see
Score Distribution
Jump to the score distribution portion of the page
Score
0/33
Timer
07:00
0
Plays Today
year(s) as manager
manager
% Correct
2003-
2006
Dusty Baker
97%
2007-
present
Lou Piniella
88.2%
1988-
1991
Don Zimmer
76.4%
1995-
1999
Jim Riggleman
73.8%
2000-
2002
Don Baylor
70.5%
1966-
1972
Leo Durocher
70%
1984-
1986
Jim Frey
66.2%
1982-
1983
Lee Elia
51.9%
1994
Tom Trebelhorn
41.8%
1991
Jim Essian
36.7%
1977-
1979
Herman Franks
36.3%
1945-
1949
Charlie Grimm
35%
1960
Charlie Grimm
35%
2002
Bruce Kimm
35%
1986-
1987
Gene Michael
33.8%
1992-
1993
Jim Lefebvre
25.7%
1972-
1974
Whitey Lockman
24.9%
year(s) as manager
manager
% Correct
1980
Preston Gomez
24.5%
1960
Lou Boudreau
23.2%
1981
Joey Amalfitano
19.4%
1991
Joe Altobelli
19%
2002
Rene Lacheman
18.6%
1954-
1956
Stan Hack
18.1%
1974-
1976
Jim Marshall
18.1%
1963-
1965
Bob Kennedy
17.7%
1986
John Vukovich
16.9%
1961-
1962
College of Coaches
14.8%
1987
Frank Lucchesi
14.8%
1983
Charlie Fox
14.3%
1951-
1953
Phil Cavarretta
13.5%
1957-
1959
Bob Scheffing
9.3%
1950-
1951
Frankie Frisch
6.8%
1965
Lou Klein
4.6%
Quiz Playlist
Details
Report
Send in Message
Add To Playlist
Classic:
Type in answers that appear in a list
Last Updated: Feb 16, 2017
Quiz Scoreboard
CHALLENGE
Sign Up to Join the Scoreboard
Show All
Scores
Hide
Comments
May contain spoilers
Recently Published
NBA Finals Game Top Scorers (2010s)
by flibbidy
Sports
5m
Guess the 'R' Things in 3 Words
by MSUKent
Miscellaneous
3m
Actor to Badly Drawn Movie III
by MoMosMoProblems
Movies
5m
More to Explore
Quiz From the Vault
Featured Blog Post
Where Does Lost Luggage Go?
hide this ad
You Might Also Like...
Tags
War Quiz
World Quiz
chicago
Chicago Cubs
Manager
Today's Top Quizzes in Sports
Browse Sports
hide this ad
Today's Top Quizzes in World
Browse World
Top Contributed Quizzes in Sports
1
Les joueurs à 100 buts en Ligue 1 Uber Eats
2
2022 World Cup Stars
3
Millionaire: NBA Finals Edition
4
2024 March Madness Bracket
5
Players with Multiple 50 Home Run Seasons
6
Criteria MLB: Left Handed Sluggers
7
Nickname Match: Athletes VI
8
Iconic Moments in Football - Multiple Choice
9
NFL MVPs ordered
10
NBA Championships Per City
Explore More
Trending Topics
Anime
Harry Potter
NBA
Kpop
Marvel
Crossword
Disney
Song
The Office
Puzzle
WWE
Soccer
Country
NFL
Pokémon
hide this ad
More By:
coachhahn
Quiz
Plays
Rating
Category
Featured
Created
100 greatest baseball players
3,903
3.85
Sports
Nov 22, 2009
It's A Wonderful Life
925
1.60
Movies
Oct 7, 2009
Presidential Trivia
919
3.56
History
Apr 15, 2010
1984 Cubs
583
4.20
Sports
Oct 8, 2009
jobs before becoming president
504
3.44
History
Oct 2, 2009
Go to Creator's Profile
Score Distribution
Quiz Creator Spotlight
coachhahn
Follow
Send a Message
Quizzes Created
-
Created Quiz Play Count
-
More By This Creator
Popular Quizzes Today
1
Find the US States - No Outlines Minefield
2
Find the US States
3
The Countries of the World
4
10 Largest US States in Order
5
Find the Countries of Europe - No Outlines Minefield
6
US States
7
Guess the 'R' Things in 3 Words
8
NBA Finals Game Top Scorers (2010s)
More Sports Quizzes
World Cup 98 Striker Duos
Quiz Lab
Trending Quizzes
First Name TV: Leading Men
Match the Book to the Film II
First Name TV: Leading Women Drama
Match the Book to the Film VI
Pick A Pair: Religious TV
Recently Updated
Women's Final Four Teams by Year
bhenderson79
Presidents Quartet II
eogle
Anything But Clue(do)
eogle
Anything But Oceanian Capitals
eogle
Anything But 7
eogle
Anything But Thing
eogle
Word Ladder: February 29
pecheneg
Song Title Questions
pecheneg
Women's NCAA Tournament #1 Seeds
pecheneg
Celebrity Mug Shots
pecheneg
Trending Topics
Harry Potter
Marvel
Kpop
Crossword
NBA
Anime
Disney
Pokémon
Soccer
NFL
The Office
Country
Song
Puzzle
WWE
Your Account Isn't Verified!
In order to create a playlist on Sporcle, you need to verify the email address you used during registration. Go to your
Sporcle Settings
to finish the process.
Report this User
Report this user for behavior that violates our
Community Guidelines
.
Details:
Send Report
Go to the Sporcle.com Mobile Site →
Comments